Forschungen zu den älteren Epochen der deutschen Literatur - vom Mittelalter bis 1945
| Titel: | Forschungen zu den älteren Epochen der deutschen Literatur - vom Mittelalter bis 1945 / Wojciech Kunicki |
|---|---|
| Verfasser: | |
| In: |
Geschichte der literaturwissenschaftlichen Germanistik in Polen. Band I: Inhalte und Methoden, (2015), Seite 21-104 alle Artikel anzeigen |
| Veröffentlicht: | 2015 |
| Format: | Aufsatz |
| Sprache: | Deutsch |
X
alg: 37596018 001A $04504:16-03-16 001B $01999:16-03-16 $t22:39:20.000 001C $04504:16-03-16 $t11:55:54.000 001D $04504:16-03-16 001U $0utf8 001X $00 002@ $0Aou 002C $aText $btxt $2rdacontent 002D $aohne Hilfsmittel zu benutzen $bn $2rdamedia 002E $aBand $bnc $2rdacarrier 003@ $037596018X 007A $037596018X $aHEB 010@ $ager 010E $erda 011@ $a2015 021A $aForschungen zu den älteren Epochen der deutschen Literatur - vom Mittelalter bis 1945 $hWojciech Kunicki 028A $BVerfasser $#Kunicki, Wojciech $#Kunicki, Wojciech Jozef $4aut $7121265501 $8Kunicki, Wojciech$Z1955- [Tp1] $9152680888 031A $h21-104 $j2015 039B $aEnthalten in $8--Afu--. Geschichte der literaturwissenschaftlichen Germanistik in Polen. Band I: Inhalte und Methoden. - [Leipzig] : Leipziger Universitätsverlag, 2015. - 313 Seiten. - ISBN 3-86583-978-9 $x201500000000000979 $9367677849 044K $RKongresspolen $RWestgalizien $#Generalgouvernement Polen $#Polska $#Rzeczpospolita Polska $#Polska Rzeczpospolita Ludowa $#Poland $#Pologne $#République Polonaise $#Generalne Gubernatorstwo w Polsce $#Polish People's Republic $#Polska Rzeczpospolita Polen $#PRL $#RP $#Polen Generalgouvernement $#Polska Generalgouvernement $#Besetzte Polnische Gebiete $#Besetztes Gebiet in Polen $#Okupowane Polskie Obszary $#Obszary Okupowane w Polsce $#Volksrepublik Polen $#Polska Rosyjska $#Republic Polen $#Respublika Pol'ša $#Pol'skaja Narodnaja Respublika $#République de Pologne $#Polen Links der Weichsel $#Polska po Lewej Stronie Wisły $#Lenkija $#Polija $#Gubernija Carstva Pol'skago $#Republik Polen $74046496-9 $8Polen [Tg1] $9085129801 044K $RPhilologie $RDeutsch $#German philology $#Philologie allemande $#Germanistik $#Deutsche Philologie $74020383-9 $8Germanistik [Ts1] $9085048941 044K $RSüdgermanische Sprachen $#German language $#Allemand (langue) $#Neuhochdeutsch $#Deutsche Sprache $#Hochdeutsch $74113292-0 $8Deutsch [Tsz] $9085334081 044K $RBuch $RSchriftsteller $#Literature $#Littérature $#Letteratura $#Literatura $#literature $#Literature $#Literatur $#Literatur $#Belletristik $#Dichtung Literatur $#Schöne Literatur $#Sprachkunst $#Wortkunst $74035964-5 $8Literatur [Tsz] $9085097128 045V $801.07.00$jGermanistik im Ausland [Tkx] $9118843923 045V $805.04.00$jStudien [Tkx] $9118843400 lok: 37596018 62 exp: 37596018 62 1 #EPN 201B/01 $016-03-16 $t22:06:51.000 203@/01 $0770043895 208@/01 $a16-03-16 $be 209A/01 $a/ $f000 $x00 209B/01 $a2016 $x05 247C/01 $8Frankfurt, Bibliographie der Deutschen Sprach- und Literaturwissenschaft $9113214561 201U/01 $0utf8 lok: 37596018 78 exp: 37596018 78 1 #EPN 201B/01 $002-08-17 $t14:33:24.000 201C/01 $002-08-17 201U/01 $0utf8 203@/01 $01005220891 208@/01 $a02-08-17 $be 209A/01 $a/ $f000 $x00 209A/01 $ab*p $x01 220C/01 $apgar 244Z/01 $#Generalgouvernement Polen $#Polska $#Rzeczpospolita Polska $#Polska Rzeczpospolita Ludowa $#Poland $#Pologne $#République Polonaise $#Generalne Gubernatorstwo w Polsce $#Polish People's Republic $#Polska Rzeczpospolita Polen $#PRL $#RP $#Polen Generalgouvernement $#Polska Generalgouvernement $#Besetzte Polnische Gebiete $#Besetztes Gebiet in Polen $#Okupowane Polskie Obszary $#Obszary Okupowane w Polsce $#Volksrepublik Polen $#Polska Rosyjska $#Republic Polen $#Respublika Pol'ša $#Pol'skaja Narodnaja Respublika $#République de Pologne $#Polen Links der Weichsel $#Polska po Lewej Stronie Wisły $#Lenkija $#Polija $#Gubernija Carstva Pol'skago $#Republik Polen $74046496-9 $8--Tg1--Polen $x01 $9085129801 247C/01 $82080>Marburg/Lahn, Herder-Institut, Forschungsbibliothek, Bibliographieportal $9336309341
| LEADER | 00000caa a2200000 c 4500 | ||
|---|---|---|---|
| 001 | 37596018X | ||
| 003 | DE-603 | ||
| 005 | 20160316223920.0 | ||
| 007 | tu | ||
| 008 | 160316s2015 xx |||| | u00||u|ger c | ||
| 035 | |a (DE-599)HEB37596018X | ||
| 040 | |a DE-603 |b ger |c DE-603 |d DE-603 |e rda | ||
| 041 | |a ger | ||
| 100 | 1 | |a Kunicki, Wojciech |d 1955- |e Verfasser |4 aut |0 (DE-603)152680888 |0 (DE-588)121265501 |2 gnd | |
| 245 | 0 | 0 | |a Forschungen zu den älteren Epochen der deutschen Literatur - vom Mittelalter bis 1945 |c Wojciech Kunicki |
| 264 | 0 | |c 2015 | |
| 336 | |a Text |b txt |2 rdacontent | ||
| 337 | |a ohne Hilfsmittel zu benutzen |b n |2 rdamedia | ||
| 338 | |a Band |b nc |2 rdacarrier | ||
| 650 | 7 | |a Germanistik |0 (DE-588)4020383-9 |0 (DE-603)085048941 |2 gnd | |
| 650 | 7 | |a Deutsch |0 (DE-588)4113292-0 |0 (DE-603)085334081 |2 gnd | |
| 650 | 7 | |a Literatur |0 (DE-588)4035964-5 |0 (DE-603)085097128 |2 gnd | |
| 651 | 7 | |a Polen |0 (DE-588)4046496-9 |0 (DE-603)085129801 |2 gnd | |
| 773 | 0 | 8 | |i Enthalten in |t Geschichte der literaturwissenschaftlichen Germanistik in Polen. Band I: Inhalte und Methoden |d [Leipzig] : Leipziger Universitätsverlag, 2015 |h 313 Seiten |z 3865839789 |z 9783865839787 |g (2015), Seite 21-104 |w (DE-603)367677849 |
| 924 | 0 | |9 603 |a (DE-603)770043895 |b DE-603 |c HES |d d | |
| 924 | 0 | |9 2080 |a (DE-603)1005220891 |b DE-2080 |c HES |d d |g / | |


